| 000 | 00413nam a2200157Ia 4500 | ||
|---|---|---|---|
| 008 | 230917s9999||||xx |||||||||||||| ||und|| | ||
| 040 |
_e37970 _aMAIN |
||
| 041 | _aEnglish | ||
| 082 | _a658.3 M311P | ||
| 100 | _aMamoria, C B | ||
| 245 | 0 | _aPersonal management: management of human resources | |
| 250 | _a10th ed. | ||
| 260 |
_aBombay _bHimalaya Publishing House _c1992 |
||
| 300 | _axxii, 978 p. | ||
| 942 | _cBK | ||
| 999 |
_c75728 _d75728 |
||